| 000 | 00421nam a2200157Ia 4500 | ||
|---|---|---|---|
| 008 | 160316s2006 xxu||||| |||| 00| 0 eng d | ||
| 082 |
_a346.032200 _bPYA |
||
| 100 | _aPyari Radha S | ||
| 245 | _aKarnataka motor vehicles rules, 1989 | ||
| 250 | _a | ||
| 260 |
_aBangalore _bEskeyem Publications _c2006 |
||
| 300 |
_a304 _b _c |
||
| 365 | _b Rs.180 | ||
| 650 | _a1.Motor Vehicles Rules - Karnataka - 1989 | ||
| 700 |
_a _a |
||
| 999 |
_c24835 _d24835 |
||